00937nas a2200253Ia 4500001001100000003000900011008004100020040001300061040001300074041001200087100005100099210001100150222001100161245010900172250001100281260002700292501008600319300001700405362003600422500013200458650003900590700002500629700002900654R706/49436IT-RoPAU151124c99999999xx |||||||||||| ||und|| aIT-RoPAU cIT-RoPAU aINGLESE aSlama-Cazacu TatianagCodice Aut. SPICS: 4075 aVERSUS aVersus aVERSUS, N.033 (SETTEMBRE/DICEMBRE 1982)bA Dynamic-Contextual Analysis Of: Ion Barbu, "The Dogmatic Egg" a1a ed. aMILANObBOMPIANIc1982 bPaulus - SPICS - Società San Paolo EM (non-commercial uses only)cCopyright2015 a26 p. [3-28] aN.033 (SETTEMBRE/DICEMBRE 1982) aAnalisi Dinamica Contestuale della Poesia di Ion Barbu: The Dogmatic Egg. Dinamica del Poema. in Appendice: Testo della Poesia. aSEMIOTICAvPUBBLICAZIONE PERIODICA aPrelipceanu Cristina gCodice Aut. SPICS: 19983